| 000 | 01213cam a2200349 i 4500 | ||
|---|---|---|---|
| 001 | 011083543 | ||
| 003 | EG-ScBUE | ||
| 005 | 20240327100941.0 | ||
| 008 | 011102s2010 gw abc f b 001 0 eng d | ||
| 020 | _a3833160004 | ||
| 020 | _a9783833160004 | ||
| 040 |
_aUk _beng _erda _cUk _dEG-ScBUE |
||
| 041 | 1 |
_aeng _hger |
|
| 043 | _af-ua--- | ||
| 082 | 0 | 4 |
_222 _a932 _bEGY |
| 245 | 0 | 0 |
_aEgypt : _bthe world of the Pharoahs / _cedited by Regine Schulz and Matthias Seidel. |
| 250 | _aSpecial edition. | ||
| 264 |
_aPotsdam, Germany : _bh.f.ullmann, _c2010. |
||
| 300 |
_a538 pages : _billustrations (some color), maps (some color), portraits (some color) ; _c32 cm |
||
| 336 |
_2rdacontent _atext _btxt |
||
| 337 |
_aunmediated _2rdamedia _bn |
||
| 338 |
_avolume _bnc _2rdacarrier |
||
| 504 | _aIncludes bibliographical reference and index. | ||
| 546 | _aText in English ; translated from the original German. | ||
| 651 | 7 |
_913790 _aEgypt _xCivilization. _2BUEsh |
|
| 651 | 7 |
_930792 _aEgypt _xAntiquities. _2BUEsh |
|
| 655 | _vReading book | ||
| 700 | 1 |
_aSchulz, Regine, _d1953- _eeditor. _930793 |
|
| 700 | 1 |
_aSeidel, Matthias, _eeditor. _930794 |
|
| 942 |
_2ddc _cBB |
||
| 999 |
_c16921 _d16921 |
||